Prénoms de stars - Série 05 - Statistiques

Statistiques générales
  • Ce quiz a été pris 299 fois
  • Le résultat moyen est 7 sur 10
Statistiques - réponses
Nom Prénom % Correct
Tautou Audrey
97%
Baye Nathalie
87%
Bouquet Carole
84%
Béart Emmanuelle
83%
Darc Mireille
83%
Ardant Fanny
79%
Testud Sylvie
64%
Villalonga Marthe
60%
Audran Stéphane
34%
Carton Pauline
27%
Aucun quiz correspondant
Distribution des résultats
% des personnes avec chaque résultat
Percentile par nombre de réponses
Votre historique - résultats
Vous n’avez pas pris ce quiz